000 00649nam a22001577a 4500
008 111124t xxu||||| |||| 00| 0 eng d
050 _aREF BV2061
_b .I67 1928
245 _aInternational missionary co-operation :
_breport of the Jerusalem meeting of the International Missionary Council March 24th - Apri
260 _aLondon :
_bOxford University Press,
_c1928.
300 _avi, 139p.
_c19 cm
440 _aJerusalem Meeting Report ;
_vvol.7
500 _aincludes index
650 _aMissions.
942 _2lcc
_cBK
999 _c39843
_d39843